Normal view
MARC view
Entry Personal Name
001 - CONTROL NUMBER
- control field: 29292
003 - CONTROL NUMBER IDENTIFIER
- control field: dpl
005 - DATE AND TIME OF LATEST TRANSACTION
- control field: 20110708122009.0
008 - FIXED-LENGTH DATA ELEMENTS
- fixed length control field: 110708|||a|||||| | ||| d
040 ## - CATALOGING SOURCE
- Original cataloging agency: dpl
- Transcribing agency: dpl
100 ## - HEADING--PERSONAL NAME
- Personal name: पुजारी, संतोष
670 ## - SOURCE DATA FOUND
- Source citation: Work cat.: (dpl): चव्हाण, माधव 29291, हम सब प्राणी /, 2009
670 ## - SOURCE DATA FOUND
- Source citation: Work cat.: (dpl): चव्हाण, माधव 29291, हम सब प्राणी /, 2009
